Prefix Click Quiz: Z - Statistics

General Stats
  • This quiz has been taken 115 times
  • The average score is 5 of 6
Answer Stats
Hint Answer % Correct
West wind Zephyr-
94%
Animal Zo-
90%
Z (letter) Zet-
83%
Jealousy Zel-
78%
Yoke Zyg-
73%
Ferment Zym-
54%
No matching quizzes found
Score Distribution
Percent of People with Each Score
Percentile by Number Answered
Your Score History
You have not taken this quiz